<?xml version="1.0" encoding="UTF-8"?>
<collection xmlns="http://www.loc.gov/MARC21/slim">
 <record>
  <leader>01251nab a2200181 i 4500</leader>
  <controlfield tag="001">misc71706</controlfield>
  <controlfield tag="005">20240313123255.0</controlfield>
  <controlfield tag="008">240313s1937    hu      o     000   hun d</controlfield>
  <datafield tag="040" ind1=" " ind2=" ">
   <subfield code="a">SZTE Miscellanea Repozitórium</subfield>
   <subfield code="b">hun</subfield>
  </datafield>
  <datafield tag="041" ind1=" " ind2=" ">
   <subfield code="a">hun</subfield>
  </datafield>
  <datafield tag="245" ind1="0" ind2="0">
   <subfield code="a">Szent-Györgyi professzor a kisdedóvás jelentőségéről</subfield>
   <subfield code="h">[elektronikus dokumentum]</subfield>
  </datafield>
  <datafield tag="260" ind1=" " ind2=" ">
   <subfield code="c">1937-11-24</subfield>
  </datafield>
  <datafield tag="300" ind1=" " ind2=" ">
   <subfield code="a">6</subfield>
  </datafield>
  <datafield tag="490" ind1="0" ind2=" ">
   <subfield code="a">Délmagyarország</subfield>
   <subfield code="v">13 No. 268</subfield>
  </datafield>
  <datafield tag="520" ind1="3" ind2=" ">
   <subfield code="a">[„Kedden délelőtt a Szegedi Kisdedóvó és Jótékony Nőegylet küldöttsége kereste fel Szász Gyuláné elnöknő vezetésével dr. Szent-Györgyi Albert professzort, hogy a Nobel-díjjal való kitüntetése alkalmából tisztelegjen előtte. […] Szent-Györgyi professzor meleg hangon köszönte meg az őszinte üdvözlést és válaszában meggyőző szavakkal vázolta azt a fontos hivatást, amit a helyesen értelmezett és korszerű eszközökkel keresztül vitt kisdedóvás jelent az egész társadalom részére.”] [Rövid hír]</subfield>
  </datafield>
  <datafield tag="561" ind1=" " ind2=" ">
   <subfield code="a">Szent-Györgyi Albertről szóló irodalom</subfield>
  </datafield>
  <datafield tag="695" ind1=" " ind2=" ">
   <subfield code="a">Szegedi Kisdedóvó és Jótékony Nőegylet, Szász Gyuláné elnök, Szent-Györgyi Albert, Nobel-díj 1937</subfield>
  </datafield>
  <datafield tag="856" ind1="4" ind2="0">
   <subfield code="u">http://misc.bibl.u-szeged.hu/71706/1/szgya_dm_1937_11_24_06.pdf</subfield>
   <subfield code="z">Dokumentum-elérés </subfield>
  </datafield>
 </record>
</collection>
